000 01397cam a2200229 4500
001 WB3843-12
008 021121n2002 000 0 eng u
035 _a(Sirsi) u120537
245 _aAssured shorthold tenancy agreement updated
260 _c2002
490 _aRICS News Service
_v20 November 2002, (1)
520 _aThe "Assured shorthold model tenancy" has been updated after detailed guidance from the Office of Fair Trading (OFT) arising from the Unfair terms in consumer contracts regulations 1999 which have serious implications for the private rented sector. The tenancy agreement has been completely re-written in clear and plain English avoiding the use of any unfair and therefore unenforceable terms.The agreement is also now available in electronic format (Word file) as well as printed form (pack of 10) at £22.50 + VAT from RICS Books online http://www.ricsbooks.com, [email protected] or t +44 (0)20 7222 7000 (ask for mail order). http://www.rics.org/ricscms/bin/show?class=News&template=/includes/shownews.html&id=4238&faculty=RICS
590 _aWB
650 _aUNFAIR TERMS IN CONSUMER CONTRACTS REGULATIONS 1999
650 _aRICS
650 _aASSURED SHORTHOLD TENANCIES
650 _aMODEL AGREEMENTS
650 _aOFT
650 _aOFT
690 _aPROPERTY-RESIDENTIAL PROPERTY-RESIDENTIAL LANDLORD AND TENANT-RESIDENTIAL TENANCIES
942 _n0
999 _c71613
_d71613